000 01174nam a22003377a 4500
003 CHAP
005 20220329140215.0
008 971013s1977 r 00010 d
010 _a48570
011 _a49542
035 _a53691
040 _cCHAP
090 _aFolleto 3443
100 0 0 _aVeira, Fernando Silva.
_9118337
245 _aProgramación agrícola para la rehabilitación del DF
260 _aChapingo, Méx. :
_bENA> Colegio de Postgraduados. Centro de Economía Agrícola,
_c1977
300 _a22 h.
590 _aBATCH-UPD
_b10
_c20130110
_lUCH01
_h1928
590 _aBATCH-UPD
_b10
_c20130410
_lUCH01
_h1253
590 _aBATCH-UPD
_b10
_c20130914
_lUCH01
_h1209
590 _aCONVERSION
_b10
_c20130109
_lUCH01
_h1326
650 1 4 _aAgricultura
_xModelos matematicos.
_91744
650 1 4 _aAgua subterranea
_xMichoacan.
_92469
650 1 4 _aDistrito de Riego Zamora, Mich.
_932957
650 1 4 _aPolítica agrícola
_xMichoacán.
_990336
700 0 _aChalita Tovar, Luis Eduardo.
_921752
901 _aBK
942 _cFOLL
949 _aFolleto 3443
_bBC
_cFOLL
_d-118902
_eTS2
_fc.2
_i53691
_mD
_si
949 _aFolleto 3443
_bBC
_cUACH
_d-118901
_eUACH
_i53691
_mD
_si
999 _c48570
_d48570